Pick the George Clooney Movie Quiz Stats

 Plays Quiz Updated Jan 2, 2018

Score 0/16 Timer 03:00
0 Plays Today
Question Answer Wrong Answers
Which one of these films stars George Clooney? Ocean's Eleven
95.7%
Jack Frost
0.4%
No Country for Old Men
1.6%
Stranger By the Lake
0.4%
Which one of these films stars George Clooney? O Brother, Where Art Thou?
92.9%
Guarding Tess
2%
Mystic River
2.1%
Upstream Color
1%
Which one of these films stars George Clooney? Batman & Robin
91.1%
Reservoir Dogs
2.3%
The Pianist
0.8%
The World's End
3.6%
Which one of these films stars George Clooney? Gravity
88.8%
Ed Wood
3.2%
The Hurt Locker
2.5%
Drive
3.3%
Which one of these films stars George Clooney? The Monuments Men
88.4%
Starship Troopers
1.3%
Letters from Iwo Jima
3.4%
The Immigrant
4.7%
Which one of these films stars George Clooney? Three Kings
86.4%
Dracula
0.8%
The Departed
7.4%
We are the Best!
3.3%
Which one of these films stars George Clooney? Syriana
85.9%
Wild Wild West
3.3%
Pan's Labyrinth
2.8%
The Grey
5.8%
Which one of these films stars George Clooney? The Descendants
84.6%
Dead Man
4.5%
Gladiator
2.1%
Melancholia
6.7%
Which one of these films stars George Clooney? Michael Clayton
83.9%
Sideways
6.8%
Brokeback Mountain
1.1%
Amour
6.1%
Which one of these films stars George Clooney? Up in the Air
81.2%
Argo
6.4%
Traffic
5.5%
Leviathan
4.8%
Which one of these films stars George Clooney? Hail, Caesar!
79.2%
The Limey
3%
Mulholland Drive
7.6%
Moonrise Kingdom
8%
Which one of these films stars George Clooney? Burn After Reading
78.3%
A Prairie Home Companion
7.2%
There Will Be Blood
6%
Inception
6.3%
Which one of these films stars George Clooney? From Dusk till Dawn
78%
Thelma & Louise
3.8%
City of God
10%
House of Pleasures
6%
Which one of these films stars George Clooney? The Ides of March
77.9%
The Man from U.N.C.L.E.
7.8%
The Diving Bell and the Butterfly
8.7%
12 Years a Slave
3.5%
Which one of these films stars George Clooney? Tomorrowland
76.1%
Heavenly Creatures
11.8%
Avatar
0.9%
Zero Dark Thirty
9.1%
Which one of these films stars George Clooney? Money Monster
54.6%
Metropolitan
14.6%
Children of Men
17.3%
Everyone Else
11.3%

You're not logged in!

Compare scores with friends on all Sporcle quizzes.
OR
Log In

Show Comments

Extras

Top Quizzes Today


Score Distribution

Your Account Isn't Verified!

In order to create a playlist on Sporcle, you need to verify the email address you used during registration. Go to your Sporcle Settings to finish the process.

Report this User

Report this user for behavior that violates our Community Guidelines.

Details: